000 00479cam a22001812 4500
001 0000000681
005 20170406112808.0
008 131114s xx 000 0 eng d
020 _c$
040 _aYour Holding Symbol
_cYour Holding Symbol
100 1 _aMayhue,Richard.
245 1 0 _ahow to interpret the bible.
250 _a ed.
260 _aindiana :
_bchristian focus,
_c1997.
300 _a 189p. ;
_c cm.
650 0 _atheology.
908 _a131114
999 _c605
_d605